000 00319 a2200133 4500
001 153790
040 _cEscola São Tomás de Aquino
100 _aMACHADO, Ana Maria
240 1 0 _aCom prazer e alegria
_lpor
245 1 0 _aCom prazer e alegria
440 1 _aSalamandra
697 _a*LITERATURA JUVENIL
942 _cBK
999 _c153790
_d153790